Vita. Világbomlás, világalakulás
Elmentve itt :
| Szerző: | |
|---|---|
| Adatforrás: | Meister |
| Forrásdokumentuma: | A Hét. - 7 sz., 1994, 6 p. |
| Nyelv: | magyar |
| Kulcsszavak: | politikatörténet politológia nacionalizmus kisebbségvédelem SCHOLL-LATOUR Peter KONRÁD György |
| LEADER | 00486nab a2200181 i 4500 | ||
|---|---|---|---|
| 001 | bibPRO00005589 | ||
| 008 | 060524s1994 xx hun | ||
| 040 | |a Sz1 | ||
| 041 | |a hun | ||
| 100 | 1 | |a BALOGH Edgár | |
| 245 | 1 | 0 | |a Vita. Világbomlás, világalakulás |c BALOGH Edgár |
| 695 | |a politikatörténet | ||
| 695 | |a politológia | ||
| 695 | |a nacionalizmus | ||
| 695 | |a kisebbségvédelem | ||
| 695 | |a SCHOLL-LATOUR Peter | ||
| 695 | |a KONRÁD György | ||
| 773 | 0 | |t A Hét. - |g 7 sz., 1994, 6 p. | |